000 00432cam a2200169ua 4500
020 _c2.00
041 _amal
_h
082 _a894.8122
_bDAM/MA
100 _aDamodaran, Ponkunnam .
245 _aMathamethayalum Manushyan nannakanam /
_cPonkunnam Damodaran.
_hTextual Documents
260 _aQuilon :
_bM.S Book Depot ,
_c1959.
300 _a147 ; .
365 _a2.00
504 _a
942 _cBK
999 _c1167
_d1167